[Event "CAN-ch U16U18 Girls"]
[Site "Sault Ste Marie"]
[Date "2017.07.06"]
[Round "1.25"]
[White "Belanger, Mackenzie"]
[Black "Tao, Rachel Long Xin"]
[Result "0-1"]
[WhiteElo "643"]
[BlackElo "1682"]
[PlyCount "64"]
[EventDate "2017.07.06"]
[EventType "swiss"]
[EventRounds "7"]
[EventCountry "CAN"]
[SourceTitle "EXT 2022"]
[Source "ChessBase"]
[SourceDate "2021.10.06"]
[SourceVersion "1"]
[SourceVersionDate "2021.10.06"]
[SourceQuality "1"]

1. e4 c5 2. Qf3 e6 3. h4 Nc6 4. Qd1 Nf6 5. Nh3 Nxe4 6. d3 Nf6 7. Bg5 Be7 8. c3 h6 9. Bxf6 Bxf6 10. Na3 0-0 11. d4 cxd4 12. Bd3 dxc3 13. bxc3 Bxc3+ 14. Ke2 Bxa1 15. Qxa1 Qe7 16. Nc4 d5 17. Ne3 b6 18. Nf4 Bb7 19. Nh5 f6 20. Qb1 f5 21. Rh3 Qf7 22. g4 Ne5 23. Bxf5 d4 24. Qb2 dxe3 25. Qxe5 exf5 26. gxf5 Qxh5+ 27. Kxe3 Rae8 28. Qxe8 Rxe8+ 29. Kf4 Re4+ 30. Kg3 Rg4+ 31. Kh2 Rg2+ 32. Kh1 Qd1# 0-1

[Event "Wch U18 Girls"]
[Site "Khanty-Mansiysk"]
[Date "2016.09.24"]
[Round "3"]
[White "Toshali, V."]
[Black "Tao, Rachel Long Xin"]
[Result "1/2-1/2"]
[WhiteElo "1766"]
[BlackElo "1649"]
[PlyCount "147"]
[EventDate "2016.09.22"]
[EventType "swiss"]
[EventRounds "11"]
[EventCountry "RUS"]
[SourceTitle "EXT 2017"]
[Source "ChessBase"]
[SourceDate "2016.10.25"]
[SourceVersion "1"]
[SourceVersionDate "2016.10.25"]
[SourceQuality "1"]

1. e4 c5 2. f4 Nc6 3. Nc3 a6 4. Nf3 g6 5. d3 Bg7 6. g3 e6 7. e5 d5 8. exd6 Qxd6 9. Ne4 Qe7 10. Bg2 Nf6 11. 0-0 0-0 12. Qe2 Nd5 13. c4 Nc7 14. Be3 b6 15. Qf2 Bb7 16. d4 f5 17. Nc3 Nxd4 18. Nxd4 Bxg2 19. Kxg2 cxd4 20. Bxd4 Bxd4 21. Qxd4 Rab8 22. Rad1 Rfd8 23. Qe5 Kf7 24. Rxd8 Rxd8 25. Re1 Rd2+ 26. Kh3 Qd8 27. Ne2 h6 28. Ng1 g5 29. Re2 g4+ 30. Kg2 Qa8+ 31. Kf2 Rxe2+ 32. Nxe2 Qc6 33. b3 Qc5+ 34. Qxc5 bxc5 35. Nc3 Ke7 36. Kg2 Kd6 37. h3 h5 38. hxg4 hxg4 39. Kf2 e5 40. fxe5+ Kxe5 41. Ke3 Ne6 42. Na4 f4+ 43. gxf4+ Kf5 44. Nc3 Nxf4 45. a3 a5 46. Na2 g3 47. Kf3 g2 48. Kf2 Kg4 49. Nc3 Kh3 50. Kg1 Kg3 51. Ne4+ Kf3 52. Ng5+ Ke3 53. Nf7 Kd4 54. Nd6 Kc3 55. Nb7 Kxb3 56. Nxa5+ Kxa3 57. Nb7 Kb4 58. Nd6 Kc3 59. Kf2 Kd4 60. Kg1 Ke3 61. Nf5+ Kf3 62. Nh4+ Ke4 63. Kf2 Kd4 64. Nf3+ Kxc4 65. Kg3 Ne2+ 66. Kxg2 Kd3 67. Kf2 Nc3 68. Ke1 Nb1 69. Kd1 Ke4 70. Ne1 c4 71. Kc2 Na3+ 72. Kc3 Kd5 73. Nc2 Nb5+ 74. Kb4 1/2-1/2

[Event "CAN-ch U18"]
[Site "Windsor"]
[Date "2016.07.08"]
[Round "7.5"]
[White "Tao, Rachel Long Xin"]
[Black "Muntaner, Daniel"]
[Result "1/2-1/2"]
[WhiteElo "1744"]
[BlackElo "1697"]
[PlyCount "75"]
[EventDate "2016.07.05"]
[EventType "swiss"]
[EventRounds "7"]
[EventCountry "CAN"]
[SourceTitle "EXT 2022"]
[Source "ChessBase"]
[SourceDate "2021.10.06"]
[SourceVersion "1"]
[SourceVersionDate "2021.10.06"]
[SourceQuality "1"]

1. e4 e5 2. Bc4 Bc5 3. Nf3 d6 4. 0-0 Nf6 5. d3 Nbd7 6. c3 0-0 7. Nbd2 Bb6 8. Bb3 Nc5 9. Bc2 Re8 10. h3 Ne6 11. Nc4 c6 12. Nxb6 Qxb6 13. Rb1 Qa6 14. a3 Nc5 15. Re1 Bd7 16. Nh4 Rad8 17. Qf3 d5 18. Bg5 dxe4 19. dxe4 Re6 20. b4 Na4 21. Bb3 Rd6 22. Red1 Bc8 23. Bxf6 gxf6 24. Rxd6 Rxd6 25. Rd1 Rxd1+ 26. Qxd1 b5 27. Qd8+ Kg7 28. Qe8 Qb7 29. Bxf7 Qxf7 30. Qxc8 Nxc3 31. Nf5+ Kg6 32. Qxc6 Ne2+ 33. Kh2 Nd4 34. Nxd4 exd4 35. Qxb5 Qc7+ 36. g3 Qc3 37. Qf5+ Kg7 38. Qd7+ 1/2-1/2

[Event "CAN-ch U18"]
[Site "Windsor"]
[Date "2016.07.05"]
[Round "1.1"]
[White "Chiku Ratte, Olivier Kenta"]
[Black "Tao, Rachel Long Xin"]
[Result "1-0"]
[WhiteElo "2459"]
[BlackElo "1744"]
[PlyCount "93"]
[EventDate "2016.07.05"]
[EventType "swiss"]
[EventRounds "7"]
[EventCountry "CAN"]
[SourceTitle "EXT 2022"]
[Source "ChessBase"]
[SourceDate "2021.10.06"]
[SourceVersion "1"]
[SourceVersionDate "2021.10.06"]
[SourceQuality "1"]

1. d4 Nf6 2. c4 g6 3. Nc3 d5 4. cxd5 Nxd5 5. e4 Nxc3 6. bxc3 Bg7 7. Nf3 0-0 8. Be2 c5 9. Rb1 Nc6 10. d5 Ne5 11. Nxe5 Bxe5 12. Qd2 Qc7 13. f4 Bg7 14. 0-0 b6 15. c4 Rd8 16. Bb2 Bd7 17. Bxg7 Kxg7 18. Qc3+ Kg8 19. g4 Rdc8 20. e5 Qd8 21. f5 Qf8 22. e6 Be8 23. Bf3 Rab8 24. Qe3 f6 25. Rbe1 Rd8 26. Be4 g5 27. h4 gxh4 28. Kh2 Qg7 29. Kh3 h6 30. Kxh4 Qg5+ 31. Kg3 Qxe3+ 32. Rxe3 b5 33. Ra3 a6 34. Rxa6 Ra8 35. cxb5 Bxb5 36. Rxa8 Rxa8 37. Rb1 Ra5 38. Kf4 c4 39. a4 Bxa4 40. Ra1 Ra6 41. d6 exd6 42. e7 Kf7 43. Rxa4 Rxa4 44. e8Q+ Kxe8 45. Bc6+ Ke7 46. Bxa4 d5 47. Ke3 1-0

[Event "World ol U16"]
[Site "Ulaanbaatar"]
[Date "2015.08.22"]
[Round "3.4"]
[White "Nisban, Cyrus"]
[Black "Tao, Rachel Long Xin"]
[Result "1-0"]
[WhiteElo "1699"]
[BlackElo "1699"]
[PlyCount "56"]
[EventDate "2015.08.20"]
[EventType "team-swiss"]
[EventRounds "9"]
[EventCountry "MGL"]
[SourceTitle "EXT 2016"]
[Source "ChessBase"]
[SourceDate "2015.10.08"]
[SourceVersion "1"]
[SourceVersionDate "2015.10.08"]
[SourceQuality "1"]
[WhiteTeam "Singapore II"]
[BlackTeam "Canada"]
[WhiteTeamCountry "SIN"]
[BlackTeamCountry "CAN"]

1. d4 Nf6 2. Nf3 g6 3. c4 Bg7 4. Nc3 d5 5. Qb3 c6 6. cxd5 cxd5 7. Bg5 e6 8. e4 dxe4 9. Bb5+ Nbd7 10. Nxe4 Qa5+ 11. Bd2 Qb6 12. Bxd7+ Nxd7 13. Bb4 Bf8 14. Bxf8 Kxf8 15. 0-0 Qxb3 16. axb3 b6 17. Ne5 Nxe5 18. dxe5 Bb7 19. Nd6 Bd5 20. b4 Ke7 21. Rfc1 Kd7 22. Nxf7 Rhf8 23. Nd6 Rf4 24. b5 Rb4 25. Rc2 Rd4 26. Rac1 Bb3 27. Rc7+ Kd8 28. Rxh7 Bd5 1-0

[Event "Pan American-ch U18 Girls"]
[Site "Cali"]
[Date "2015.07.02"]
[Round "7"]
[White "Tao, Rachel Long Xin"]
[Black "Zeballos Luque, Shirley"]
[Result "1-0"]
[WhiteElo "1593"]
[BlackElo "1598"]
[PlyCount "55"]
[EventDate "2015.06.28"]
[EventType "swiss"]
[EventRounds "9"]
[EventCountry "COL"]
[SourceTitle "EXT 2016"]
[Source "ChessBase"]
[SourceDate "2015.10.08"]
[SourceVersion "1"]
[SourceVersionDate "2015.10.08"]
[SourceQuality "1"]

1. e4 e6 2. d4 d5 3. exd5 exd5 4. Bd3 Nf6 5. h3 c5 6. dxc5 Bxc5 7. Nf3 0-0 8. 0-0 Ne4 9. Nbd2 Bf5 10. Nb3 Bb6 11. Nbd4 Bg6 12. c3 Nc6 13. Be3 Re8 14. Rc1 Qf6 15. Re1 Ne5 16. Nxe5 Rxe5 17. Bb1 Rae8 18. f4 R5e7 19. Qf3 Qh4 20. f5 Nd2 21. Bxd2 Rxe1+ 22. Rxe1 Rxe1+ 23. Bxe1 Qxe1+ 24. Qf1 Qe3+ 25. Kh1 Bh5 26. g4 Bxg4 27. hxg4 Qh6+ 28. Kg2 1-0

[Event "Wch U16 Girls"]
[Site "Durban"]
[Date "2014.09.25"]
[Round "7"]
[White "Tao, Rachel Long Xin"]
[Black "Breedt, Shade"]
[Result "1-0"]
[WhiteElo "1592"]
[BlackElo "1693"]
[PlyCount "43"]
[EventDate "2014.09.20"]
[EventType "swiss"]
[EventRounds "11"]
[EventCountry "RSA"]
[SourceTitle "CBM 162 Extra"]
[Source "ChessBase"]
[SourceDate "2014.10.17"]
[SourceVersion "1"]
[SourceVersionDate "2014.10.17"]
[SourceQuality "1"]

1. e4 c5 2. Nf3 d6 3. c4 Nc6 4. d4 cxd4 5. Nxd4 Nf6 6. Nc3 g6 7. Be2 Nxd4 8. Qxd4 Bg7 9. Be3 0-0 10. Qd1 Be6 11. f3 Qa5 12. 0-0 Rfc8 13. Nd5 Qd8 14. Qd2 Nd7 15. Rab1 Nb6 16. Rfc1 f5 17. Bg5 Bxd5 18. exd5 Kf7 19. b4 Rc7 20. Bd1 Rac8 21. Bb3 Qd7 22. Re1 1-0

[Event "CAN-ch U16/18 Girls"]
[Site "Montreal"]
[Date "2014.07.17"]
[Round "5"]
[White "Tao, Rachel Long Xin"]
[Black "Li, Kristen"]
[Result "1-0"]
[WhiteElo "1651"]
[BlackElo "1646"]
[PlyCount "65"]
[EventDate "2014.07.15"]
[EventType "swiss"]
[EventRounds "7"]
[EventCountry "CAN"]
[SourceTitle "EXT 2022"]
[Source "ChessBase"]
[SourceDate "2021.10.06"]
[SourceVersion "1"]
[SourceVersionDate "2021.10.06"]
[SourceQuality "1"]

1. e4 c5 2. Nf3 d6 3. c4 Nc6 4. d4 cxd4 5. Nxd4 Nf6 6. Nc3 e6 7. Be2 a6 8. 0-0 Be7 9. Be3 0-0 10. Qd2 Bd7 11. Rfd1 Qc7 12. f4 Rfd8 13. Bf3 Rab8 14. Rab1 Na5 15. b3 b5 16. cxb5 axb5 17. Rbc1 b4 18. Nd5 Qb7 19. Nxe7+ Kf8 20. e5 d5 21. exf6 gxf6 22. Nxd5 exd5 23. Ne2 Be6 24. Bc5+ Kg8 25. f5 Bxf5 26. Qh6 Bg6 27. Nf4 Kh8 28. Nxd5 Nc6 29. Nxf6 Rdc8 30. Bxc6 Rxc6 31. Bd4 Rd6 32. Ne8+ f6 33. Nxd6 1-0

[Event "Wch U14 Girls"]
[Site "Al Ain"]
[Date "2013.12.27"]
[Round "10"]
[White "Toporkova, Sofia"]
[Black "Tao, Rachel Long Xin"]
[Result "1-0"]
[WhiteElo "1811"]
[BlackElo "1436"]
[PlyCount "87"]
[EventDate "2013.12.18"]
[EventType "swiss"]
[EventRounds "11"]
[EventCountry "UAE"]
[SourceTitle "CBM 158 Extra"]
[Source "ChessBase"]
[SourceDate "2014.02.28"]
[SourceVersion "1"]
[SourceVersionDate "2014.02.28"]
[SourceQuality "1"]

1. d4 Nf6 2. c4 c6 3. Nc3 d5 4. e3 g6 5. Nf3 Bg7 6. Bd3 0-0 7. 0-0 dxc4 8. Bxc4 b5 9. Be2 a6 10. Ne5 Bb7 11. f4 Nbd7 12. Nxd7 Qxd7 13. g4 Rad8 14. g5 Nd5 15. Ne4 Qc7 16. h4 Nb6 17. Qe1 Nd7 18. b4 c5 19. Nxc5 Nxc5 20. bxc5 Be4 21. Bf3 Qc6 22. Qg3 Rc8 23. Bb2 Rfd8 24. Bxe4 Qxe4 25. Qf3 Qxf3 26. Rxf3 Rxc5 27. dxc5 Bxb2 28. Re1 Rc8 29. Rd1 Ba3 30. Kg2 Rxc5 31. h5 Rc8 32. e4 Bb4 33. a3 Ba5 34. Rd7 gxh5 35. Rxe7 Rc2+ 36. Kh3 Bb6 37. f5 Kf8 38. f6 Rc8 39. Rb7 Bd4 40. Rd3 Be5 41. Rdd7 Rc3+ 42. Kg2 Rc2+ 43. Kf1 Rc1+ 44. Ke2 1-0

[Event "Toronto NAYCC U14 Girls"]
[Site "Toronto"]
[Date "2013.08.16"]
[Round "5"]
[White "Tao, Rachel Long Xin"]
[Black "Li, Kristen"]
[Result "0-1"]
[WhiteElo "1659"]
[BlackElo "1626"]
[PlyCount "60"]
[EventDate "2013.08.14"]
[EventType "swiss"]
[EventRounds "9"]
[EventCountry "CAN"]
[SourceTitle "EXT 2022"]
[Source "ChessBase"]
[SourceDate "2021.10.06"]
[SourceVersion "1"]
[SourceVersionDate "2021.10.06"]
[SourceQuality "1"]

1. e4 c5 2. Nf3 d6 3. d4 cxd4 4. Nxd4 Nf6 5. Nc3 a6 6. f3 e5 7. Nb3 Be6 8. Be3 Be7 9. Qd2 h5 10. 0-0-0 Nbd7 11. Kb1 Rc8 12. Be2 b5 13. h4 Nb6 14. Bg5 Nc4 15. Bxc4 Bxc4 16. Rhe1 0-0 17. g3 b4 18. Ne2 Bxb3 19. cxb3 Qa5 20. f4 Nxe4 21. Qd5 Qxd5 22. Rxd5 f6 23. fxe5 fxg5 24. hxg5 dxe5 25. Rxe5 Nd2+ 26. Ka1 Nf3 27. Rxe7 Nxe1 28. Re3 Rfe8 29. Rxe8+ Rxe8 30. Nd4 Rd8 0-1

[Event "CAN-ch U14 Girls"]
[Site "Vancouver"]
[Date "2012.07.04"]
[Round "5"]
[White "Tao, Rachel Long Xin"]
[Black "Giblon, Melissa"]
[Result "1-0"]
[WhiteElo "1305"]
[BlackElo "1513"]
[PlyCount "189"]
[EventDate "2012.07.03"]
[EventType "tourn"]
[EventRounds "8"]
[EventCountry "CAN"]
[SourceTitle "EXT 2022"]
[Source "ChessBase"]
[SourceDate "2021.10.06"]
[SourceVersion "1"]
[SourceVersionDate "2021.10.06"]
[SourceQuality "1"]

1. e4 c5 2. Nf3 d6 3. d4 cxd4 4. Nxd4 Nf6 5. Nc3 Nc6 6. f3 e6 7. Be3 Be7 8. Qd2 0-0 9. 0-0-0 a6 10. g4 Nxd4 11. Bxd4 b5 12. h4 Nd7 13. h5 Ne5 14. Qf2 Qc7 15. Bxe5 dxe5 16. Kb1 Bb7 17. Qg3 Bg5 18. Bd3 b4 19. Na4 Qa5 20. b3 Qc7 21. h6 g6 22. Nb2 a5 23. Bb5 Rfc8 24. Nc4 Bf4 25. Qf2 Qc5 26. Qxc5 Rxc5 27. Nb6 Rf8 28. Nd7 Rxb5 29. Nxf8 Kxf8 30. Rd8+ Ke7 31. Rh8 Rc5 32. Rxh7 Kf6 33. Rh8 Bxh6 34. R8xh6 Kg5 35. Rh7 Kf6 36. Rg1 Ba6 37. g5+ Ke7 38. Rg2 Bb5 39. Rgh2 Rc3 40. R2h6 Ke8 41. Rh8+ Ke7 42. Ra8 a4 43. bxa4 Ra3 44. Ra7+ Bd7 45. a5 Kd6 46. Rh7 Rxf3 47. Rh1 Bc6 48. Rd1+ Kc5 49. Rc7 Kb5 50. Re1 Rg3 51. Rxf7 Rxg5 52. Re7 Kxa5 53. Rxe6 Bb7 54. Re7 Bc8 55. Rd1 Kb6 56. Rd6+ Kb5 57. Rd5+ Kb6 58. Rexe5 Rxe5 59. Rxe5 Kc7 60. Rg5 Kd6 61. Rxg6+ Ke5 62. Rb6 Kxe4 63. Rxb4+ Kd5 64. c4+ Kc5 65. a3 Ba6 66. Kc2 Bxc4 67. Kc3 Ba6 68. a4 Bf1 69. a5 Bb5 70. Rb2 Kc6 71. Kd4 Bf1 72. Rb6+ Kc7 73. Kc5 Bg2 74. a6 Ba8 75. a7 Bb7 76. Rh6 Ba8 77. Rh7+ Kc8 78. Kb6 Bg2 79. Rh8+ Kd7 80. a8Q Bxa8 81. Rxa8 Ke6 82. Ra5 Kd7 83. Rc5 Kd6 84. Kb5 Ke6 85. Kc6 Ke7 86. Rd5 Kf6 87. Kd6 Kf7 88. Re5 Kf6 89. Kd5 Kf7 90. Re6 Kg7 91. Ke5 Kf7 92. Kf5 Kg7 93. Rf6 Kg8 94. Kg6 Kh8 95. Rf8# 1-0